000 00796nam a2200277 i 4500
001 bg
100 1 _aKaczmarek, Bogusław.
245 1 0 _aPodstawy zarządzania :
_bzachowania organizacyjne /
_cBogusław Kaczmarek, Czesław Sikorski.
250 _a[Wyd. 2 poszerz.].
260 _aŁódź :
_b"Absolwent",
_c1998.
300 _a248, [1] s. :
_bwykr. ;
_c24 cm.
504 _aBibliogr. s.[248].
650 9 _aZarządzanie
650 9 _aOrganizacja
655 _aPodręczniki
700 1 _aSikorski, Czesław.
020 _a8386840080
040 _cBPK
041 0 _apol
080 _a(07)
080 _a005
920 _a83-86840-08-0
942 _cKS
008 990129s1999 pl f |000 0 pol
999 _c33930
_d33930
856 _uhttp://koha.tu.koszalin.pl/cgi-bin/koha/opac-detail.pl?biblionumber=33930
_yKatalog online BPK